000 nam a22 7a 4500
999 _c10485
_d10485
008 180217b ||||| |||| 00| 0 eng d
100 _aKhanna,A.L.
_96392
245 _aLet us know: A Book Of General Knowledge
260 _aNew Delhi
_bKohinoor